Detalles MARC
| 000 -LEADER |
| fixed length control field |
01613nam a2200397 a 4500 |
| 005 - FECHA ULTIMA MODIFICACION |
| control field |
20240514114139.0 |
| 008 - CAMPO DE CONTROL (LIBRO) |
| fixed length control field |
100312s2011||||sp a f |||| 001 0 spa d |
| 020 ## - INTERNATIONAL STANDARD BOOK NUMBER |
| ISBN |
9788480868235 |
| 041 ## - CODIGO DE IDIOMA |
| Código de idioma del texto/pista de sonido o título separado |
spa |
| 092 ## - SIGNATURA TOPOGRAFICA DEWEY LOCAL |
| número de clasificación |
617.028 |
| libristica |
95 |
| sección |
WHI |
| 100 1# - ENTRADA PRINCIPAL--NOMBRE PERSONAL |
| Nombre personal |
Whiteley, Simon M. |
| 9 (RLIN) |
1790 |
| 245 ## - TITULO PROPIAMENTE DICHO |
| Título |
Guías Prácticas Churchill. |
| Subtítulo y Título paralelo |
Cuidados Intensivos / |
| Mención de responsabilidad y remanente de la transcripción de la portada |
Simon M. Whiteley |
| 250 ## - MENCION DE EDICION |
| Mención de edición |
3a ed. |
| 260 ## - PIE DE IMPRENTA |
| Lugar de publicación, distribución, etc |
Barcelona: |
| Nombre de la editorial, distribuidor, etc |
Elsevier ; Churchill Livingstone; |
| Fecha de publicación |
2011. |
| 300 ## - DESCRIPCION FISICA |
| Extension |
482 p. |
| 500 ## - NOTA GENERAL |
| Nota general |
Whiteley, S. M., Bodehham, A. y Bellamy, M. C. (2011). Guías Prácticas Churchill. Cuidados Intensivos. (3a ed.). Barcelona : Elsevier ; Churchill Livingstone. |
| 653 ## - TÉRMINO INDIZADO - PALABRAS CLAVES |
| Palabra clave |
Enfermedades respiratorias mas frecuentes |
| 653 ## - TÉRMINO INDIZADO - PALABRAS CLAVES |
| Palabra clave |
Técnicas diagnósticas y terapéuticas en neumología |
| 653 ## - TÉRMINO INDIZADO - PALABRAS CLAVES |
| Palabra clave |
Enfermedades de las vías aéreas |
| 653 ## - TÉRMINO INDIZADO - PALABRAS CLAVES |
| Palabra clave |
Enfermedades pulmonares parenquimatosas difusas |
| 653 ## - TÉRMINO INDIZADO - PALABRAS CLAVES |
| Palabra clave |
Infecciones respiratorias |
| 653 ## - TÉRMINO INDIZADO - PALABRAS CLAVES |
| Palabra clave |
Patología pulmonar vascular |
| 653 ## - TÉRMINO INDIZADO - PALABRAS CLAVES |
| Palabra clave |
Neoplasias del aparato respiratorio |
| 653 ## - TÉRMINO INDIZADO - PALABRAS CLAVES |
| Palabra clave |
Afectación respiratorias en las enfermedades de otros órganos y sistemas |
| 653 ## - TÉRMINO INDIZADO - PALABRAS CLAVES |
| Palabra clave |
Patología pleuropulmonar por agentes externos |
| 653 ## - TÉRMINO INDIZADO - PALABRAS CLAVES |
| Palabra clave |
Patología pleural |
| 653 ## - TÉRMINO INDIZADO - PALABRAS CLAVES |
| Palabra clave |
Patología de la caja torácica |
| 653 ## - TÉRMINO INDIZADO - PALABRAS CLAVES |
| Palabra clave |
Patología del mediastino |
| 653 ## - TÉRMINO INDIZADO - PALABRAS CLAVES |
| Palabra clave |
Alteraciones de la regulación de la ventilación y síndrome de apneas e hipopneas del sueño |
| 653 ## - TÉRMINO INDIZADO - PALABRAS CLAVES |
| Palabra clave |
Insuficiencia respiratoria |
| 653 ## - TÉRMINO INDIZADO - PALABRAS CLAVES |
| Palabra clave |
Trasplante pulmonar |
| 700 1# - ENTRADAS SECUNDARIAS - NOMBRE PERSONAL |
| Nombre personal |
Bodehham, Andrew |
| 9 (RLIN) |
1791 |
| 700 1# - ENTRADAS SECUNDARIAS - NOMBRE PERSONAL |
| Nombre personal |
Bellamy, Mark C. |
| 9 (RLIN) |
1792 |
| 930 ## - NUMERO DE INVENTARIO |
| Número de inventario |
2579 |
| 942 ## - ADDED ENTRY ELEMENTS (KOHA) |
| Source of classification or shelving scheme |
Dewey Decimal Classification |
| Item type |
Libros |